|
|
|
|
| LEADER |
01413nam a2200385 a 4500 |
| 001 |
EBC433381 |
| 003 |
MiAaPQ |
| 005 |
20200520144314.0 |
| 006 |
m o d | |
| 007 |
cr cn||||||||| |
| 008 |
050523s2004 maua sb 000 0 eng d |
| 010 |
|
|
|z 2005275607
|
| 020 |
|
|
|z 0874257689 (pbk.)
|
| 035 |
|
|
|a (MiAaPQ)EBC433381
|
| 035 |
|
|
|a (Au-PeEL)EBL433381
|
| 035 |
|
|
|a (CaPaEBR)ebr10379750
|
| 035 |
|
|
|a (CaONFJC)MIL101835
|
| 035 |
|
|
|a (OCoLC)243595626
|
| 040 |
|
|
|a MiAaPQ
|c MiAaPQ
|d MiAaPQ
|
| 050 |
|
4 |
|a HD4904.7
|b .K315 2004
|
| 082 |
0 |
4 |
|a 658.3
|2 22
|
| 100 |
1 |
|
|a Kalamas, David J.
|
| 245 |
1 |
0 |
|a Developing employee capital
|h [electronic resource] :
|b setting the stage for lifelong learning /
|c David Kalamas, Joan Berry Kalamas.
|
| 246 |
3 |
0 |
|a Setting the stage for lifelong learning
|
| 260 |
|
|
|a Amherst, Mass. :
|b HRD Press,
|c c2004.
|
| 300 |
|
|
|a xvi, 174 p. :
|b ill.
|
| 504 |
|
|
|a Includes bibliographical references (p. [173]).
|
| 533 |
|
|
|a Electronic reproduction. Ann Arbor, MI : ProQuest, 2015. Available via World Wide Web. Access may be limited to ProQuest affiliated libraries.
|
| 650 |
|
0 |
|a Human capital.
|
| 650 |
|
0 |
|a Continuing education.
|
| 650 |
|
0 |
|a Organizational change.
|
| 655 |
|
4 |
|a Electronic books.
|
| 700 |
1 |
|
|a Kalamas, Joan Berry.
|
| 710 |
2 |
|
|a ProQuest (Firm)
|
| 856 |
4 |
0 |
|u https://ebookcentral.proquest.com/lib/matrademy/detail.action?docID=433381
|z Click to View
|